<?xml version="1.0" encoding="UTF-8"?>
<record
    xmlns:xsi="http://www.w3.org/2001/XMLSchema-instance"
    xsi:schemaLocation="http://www.loc.gov/MARC21/slim http://www.loc.gov/standards/marcxml/schema/MARC21slim.xsd"
    xmlns="http://www.loc.gov/MARC21/slim">

  <leader>01012nas a2200277 a 4500</leader>
  <controlfield tag="003">OSt</controlfield>
  <controlfield tag="005">20151026103232.0</controlfield>
  <controlfield tag="007">t|</controlfield>
  <controlfield tag="008">131209d19841995sp fr|p|r|||| 0   ||cat d</controlfield>
  <datafield tag="022" ind1=" " ind2=" ">
    <subfield code="a">1135-1039</subfield>
  </datafield>
  <datafield tag="040" ind1=" " ind2=" ">
    <subfield code="a">CDMR</subfield>
    <subfield code="b">cat</subfield>
    <subfield code="c">CDMR</subfield>
  </datafield>
  <datafield tag="110" ind1="2" ind2=" ">
    <subfield code="9">39</subfield>
    <subfield code="a">Associaci&#xF3; de la Premsa de Barcelona</subfield>
  </datafield>
  <datafield tag="245" ind1="1" ind2="0">
    <subfield code="a">Annals del Periodisme Catal&#xE0; </subfield>
    <subfield code="c"> Associaci&#xF3; de la Premsa de Barcelona ; Col&#xB7;legi de Periodistes de Catalunya</subfield>
  </datafield>
  <datafield tag="260" ind1=" " ind2=" ">
    <subfield code="a">Barcelona</subfield>
    <subfield code="b">Associaci&#xF3; de la Premsa de Barcelona</subfield>
  </datafield>
  <datafield tag="260" ind1=" " ind2=" ">
    <subfield code="b">Col&#xB7;legi de Periodistes de Catalunya</subfield>
    <subfield code="c">1984-1995</subfield>
  </datafield>
  <datafield tag="300" ind1=" " ind2=" ">
    <subfield code="a">v.</subfield>
  </datafield>
  <datafield tag="310" ind1=" " ind2=" ">
    <subfield code="a">Semiannual</subfield>
  </datafield>
  <datafield tag="362" ind1="0" ind2=" ">
    <subfield code="a">2a &#xE8;poca, n&#xFA;m. 0 (abril-maig 1984) - n&#xFA;m. 26-27 (1995)</subfield>
  </datafield>
  <datafield tag="546" ind1=" " ind2=" ">
    <subfield code="a">cat</subfield>
  </datafield>
  <datafield tag="650" ind1="0" ind2="4">
    <subfield code="9">3172</subfield>
    <subfield code="a">Periodisme</subfield>
    <subfield code="z">Catalunya</subfield>
    <subfield code="v">Revistes</subfield>
  </datafield>
  <datafield tag="650" ind1="0" ind2="4">
    <subfield code="9">195</subfield>
    <subfield code="a">Premsa</subfield>
    <subfield code="z">Catalunya</subfield>
    <subfield code="v">Revistes</subfield>
  </datafield>
  <datafield tag="710" ind1="2" ind2=" ">
    <subfield code="9">133</subfield>
    <subfield code="a">Col&#xB7;legi de Periodistes de Catalunya</subfield>
  </datafield>
  <datafield tag="780" ind1="0" ind2="0">
    <subfield code="a">Annals del Periodisme Catal&#xE0;</subfield>
  </datafield>
  <datafield tag="856" ind1="4" ind2="0">
    <subfield code="u">http://raco.cat/index.php/annalsperiodismecatala/index</subfield>
    <subfield code="y">Disponible en l&#xED;nia (RACO)</subfield>
  </datafield>
  <datafield tag="942" ind1=" " ind2=" ">
    <subfield code="2">udc</subfield>
    <subfield code="c">SER</subfield>
  </datafield>
  <datafield tag="999" ind1=" " ind2=" ">
    <subfield code="c">6682</subfield>
    <subfield code="d">6682</subfield>
  </datafield>
  <datafield tag="952" ind1=" " ind2=" ">
    <subfield code="0">0</subfield>
    <subfield code="1">0</subfield>
    <subfield code="2">ddc</subfield>
    <subfield code="4">0</subfield>
    <subfield code="7">0</subfield>
    <subfield code="a">LLEIDA</subfield>
    <subfield code="b">LLEIDA</subfield>
    <subfield code="d">2013-01-21</subfield>
    <subfield code="h">Any 1984 Num. abril-juny</subfield>
    <subfield code="l">0</subfield>
    <subfield code="o">56APB</subfield>
    <subfield code="p">LLEIDA1312613150</subfield>
    <subfield code="r">2013-01-21</subfield>
    <subfield code="w">2013-01-21</subfield>
    <subfield code="y">SER</subfield>
  </datafield>
  <datafield tag="952" ind1=" " ind2=" ">
    <subfield code="0">0</subfield>
    <subfield code="1">0</subfield>
    <subfield code="2">ddc</subfield>
    <subfield code="4">0</subfield>
    <subfield code="7">0</subfield>
    <subfield code="a">LLEIDA</subfield>
    <subfield code="b">LLEIDA</subfield>
    <subfield code="d">2013-01-21</subfield>
    <subfield code="h">Any 1984 Num. abril-juny</subfield>
    <subfield code="l">0</subfield>
    <subfield code="o">57APB</subfield>
    <subfield code="p">LLEIDA1312613151</subfield>
    <subfield code="r">2013-01-21</subfield>
    <subfield code="w">2013-01-21</subfield>
    <subfield code="y">SER</subfield>
  </datafield>
  <datafield tag="952" ind1=" " ind2=" ">
    <subfield code="0">0</subfield>
    <subfield code="1">0</subfield>
    <subfield code="2">ddc</subfield>
    <subfield code="4">0</subfield>
    <subfield code="7">0</subfield>
    <subfield code="a">LLEIDA</subfield>
    <subfield code="b">LLEIDA</subfield>
    <subfield code="d">2013-01-21</subfield>
    <subfield code="h">Any 1984 Num. octubre-desembre</subfield>
    <subfield code="l">0</subfield>
    <subfield code="o">58APB</subfield>
    <subfield code="p">LLEIDA1312613152</subfield>
    <subfield code="r">2013-01-21</subfield>
    <subfield code="w">2013-01-21</subfield>
    <subfield code="y">SER</subfield>
  </datafield>
  <datafield tag="952" ind1=" " ind2=" ">
    <subfield code="0">0</subfield>
    <subfield code="1">0</subfield>
    <subfield code="2">ddc</subfield>
    <subfield code="4">0</subfield>
    <subfield code="7">0</subfield>
    <subfield code="a">LLEIDA</subfield>
    <subfield code="b">LLEIDA</subfield>
    <subfield code="d">2013-01-21</subfield>
    <subfield code="h">Any 1984 Num. octubre-desembre</subfield>
    <subfield code="l">0</subfield>
    <subfield code="o">59APB</subfield>
    <subfield code="p">LLEIDA1312613153</subfield>
    <subfield code="r">2013-01-21</subfield>
    <subfield code="w">2013-01-21</subfield>
    <subfield code="y">SER</subfield>
  </datafield>
  <datafield tag="952" ind1=" " ind2=" ">
    <subfield code="0">0</subfield>
    <subfield code="1">0</subfield>
    <subfield code="2">ddc</subfield>
    <subfield code="4">0</subfield>
    <subfield code="7">0</subfield>
    <subfield code="a">LLEIDA</subfield>
    <subfield code="b">LLEIDA</subfield>
    <subfield code="d">2013-01-21</subfield>
    <subfield code="h">Any 1985 Num. abril-setembre</subfield>
    <subfield code="l">0</subfield>
    <subfield code="o">62APB</subfield>
    <subfield code="p">LLEIDA1312613154</subfield>
    <subfield code="r">2013-01-21</subfield>
    <subfield code="w">2013-01-21</subfield>
    <subfield code="y">SER</subfield>
  </datafield>
  <datafield tag="952" ind1=" " ind2=" ">
    <subfield code="0">0</subfield>
    <subfield code="1">0</subfield>
    <subfield code="2">ddc</subfield>
    <subfield code="4">0</subfield>
    <subfield code="7">0</subfield>
    <subfield code="a">LLEIDA</subfield>
    <subfield code="b">LLEIDA</subfield>
    <subfield code="d">2013-01-21</subfield>
    <subfield code="h">Any 1985 Num. abril-setembre</subfield>
    <subfield code="l">0</subfield>
    <subfield code="o">63APB</subfield>
    <subfield code="p">LLEIDA1312613155</subfield>
    <subfield code="r">2013-01-21</subfield>
    <subfield code="w">2013-01-21</subfield>
    <subfield code="y">SER</subfield>
  </datafield>
  <datafield tag="952" ind1=" " ind2=" ">
    <subfield code="0">0</subfield>
    <subfield code="1">0</subfield>
    <subfield code="2">ddc</subfield>
    <subfield code="4">0</subfield>
    <subfield code="7">0</subfield>
    <subfield code="a">LLEIDA</subfield>
    <subfield code="b">LLEIDA</subfield>
    <subfield code="d">2013-01-21</subfield>
    <subfield code="h">Any 1985 Num gener-mar&#xE7;</subfield>
    <subfield code="l">0</subfield>
    <subfield code="o">60APB</subfield>
    <subfield code="p">LLEIDA1312613156</subfield>
    <subfield code="r">2013-01-21</subfield>
    <subfield code="w">2013-01-21</subfield>
    <subfield code="y">SER</subfield>
  </datafield>
  <datafield tag="952" ind1=" " ind2=" ">
    <subfield code="0">0</subfield>
    <subfield code="1">0</subfield>
    <subfield code="2">ddc</subfield>
    <subfield code="4">0</subfield>
    <subfield code="7">0</subfield>
    <subfield code="a">LLEIDA</subfield>
    <subfield code="b">LLEIDA</subfield>
    <subfield code="d">2013-01-21</subfield>
    <subfield code="h">Any 1985 Num gener-mar&#xE7;</subfield>
    <subfield code="l">0</subfield>
    <subfield code="o">61APB</subfield>
    <subfield code="p">LLEIDA1312613157</subfield>
    <subfield code="r">2013-01-21</subfield>
    <subfield code="w">2013-01-21</subfield>
    <subfield code="y">SER</subfield>
  </datafield>
  <datafield tag="952" ind1=" " ind2=" ">
    <subfield code="0">0</subfield>
    <subfield code="1">0</subfield>
    <subfield code="2">ddc</subfield>
    <subfield code="4">0</subfield>
    <subfield code="7">0</subfield>
    <subfield code="a">LLEIDA</subfield>
    <subfield code="b">LLEIDA</subfield>
    <subfield code="d">2013-01-21</subfield>
    <subfield code="h">Any 1985 Num octubre-desembre</subfield>
    <subfield code="l">0</subfield>
    <subfield code="o">64APB</subfield>
    <subfield code="p">LLEIDA1312613158</subfield>
    <subfield code="r">2013-01-21</subfield>
    <subfield code="w">2013-01-21</subfield>
    <subfield code="y">SER</subfield>
  </datafield>
  <datafield tag="952" ind1=" " ind2=" ">
    <subfield code="0">0</subfield>
    <subfield code="1">0</subfield>
    <subfield code="2">ddc</subfield>
    <subfield code="4">0</subfield>
    <subfield code="7">0</subfield>
    <subfield code="a">LLEIDA</subfield>
    <subfield code="b">LLEIDA</subfield>
    <subfield code="d">2013-01-21</subfield>
    <subfield code="h">Any 1985 Num octubre-desembre</subfield>
    <subfield code="l">0</subfield>
    <subfield code="o">65APB</subfield>
    <subfield code="p">LLEIDA1312613159</subfield>
    <subfield code="r">2013-01-21</subfield>
    <subfield code="w">2013-01-21</subfield>
    <subfield code="y">SER</subfield>
  </datafield>
  <datafield tag="952" ind1=" " ind2=" ">
    <subfield code="0">0</subfield>
    <subfield code="1">0</subfield>
    <subfield code="2">ddc</subfield>
    <subfield code="4">0</subfield>
    <subfield code="7">0</subfield>
    <subfield code="a">LLEIDA</subfield>
    <subfield code="b">LLEIDA</subfield>
    <subfield code="d">2013-01-21</subfield>
    <subfield code="h">Any 1986 Num. gener-juny</subfield>
    <subfield code="l">0</subfield>
    <subfield code="o">66APB</subfield>
    <subfield code="p">LLEIDA1312613160</subfield>
    <subfield code="r">2013-01-21</subfield>
    <subfield code="w">2013-01-21</subfield>
    <subfield code="y">SER</subfield>
  </datafield>
  <datafield tag="952" ind1=" " ind2=" ">
    <subfield code="0">0</subfield>
    <subfield code="1">0</subfield>
    <subfield code="2">ddc</subfield>
    <subfield code="4">0</subfield>
    <subfield code="7">0</subfield>
    <subfield code="a">LLEIDA</subfield>
    <subfield code="b">LLEIDA</subfield>
    <subfield code="d">2013-01-21</subfield>
    <subfield code="h">Any 1986 Num juliol-desembre</subfield>
    <subfield code="l">0</subfield>
    <subfield code="o">67APB</subfield>
    <subfield code="p">LLEIDA1312613161</subfield>
    <subfield code="r">2013-01-21</subfield>
    <subfield code="w">2013-01-21</subfield>
    <subfield code="y">SER</subfield>
  </datafield>
  <datafield tag="952" ind1=" " ind2=" ">
    <subfield code="0">0</subfield>
    <subfield code="1">0</subfield>
    <subfield code="2">ddc</subfield>
    <subfield code="4">0</subfield>
    <subfield code="7">0</subfield>
    <subfield code="a">LLEIDA</subfield>
    <subfield code="b">LLEIDA</subfield>
    <subfield code="d">2013-01-21</subfield>
    <subfield code="h">Any 1987 Num gener-mar&#xE7;</subfield>
    <subfield code="l">0</subfield>
    <subfield code="o">68APB</subfield>
    <subfield code="p">LLEIDA1312613162</subfield>
    <subfield code="r">2013-01-21</subfield>
    <subfield code="w">2013-01-21</subfield>
    <subfield code="y">SER</subfield>
  </datafield>
  <datafield tag="952" ind1=" " ind2=" ">
    <subfield code="0">0</subfield>
    <subfield code="1">0</subfield>
    <subfield code="2">ddc</subfield>
    <subfield code="4">0</subfield>
    <subfield code="7">0</subfield>
    <subfield code="a">LLEIDA</subfield>
    <subfield code="b">LLEIDA</subfield>
    <subfield code="d">2013-01-21</subfield>
    <subfield code="h">Any 1987-1988 Num. setembre-febrer</subfield>
    <subfield code="l">0</subfield>
    <subfield code="o">70APB</subfield>
    <subfield code="p">LLEIDA1312613163</subfield>
    <subfield code="r">2013-01-21</subfield>
    <subfield code="w">2013-01-21</subfield>
    <subfield code="y">SER</subfield>
  </datafield>
  <datafield tag="952" ind1=" " ind2=" ">
    <subfield code="0">0</subfield>
    <subfield code="1">0</subfield>
    <subfield code="2">ddc</subfield>
    <subfield code="4">0</subfield>
    <subfield code="7">0</subfield>
    <subfield code="a">LLEIDA</subfield>
    <subfield code="b">LLEIDA</subfield>
    <subfield code="d">2013-01-21</subfield>
    <subfield code="h">Any 1987 Num. juliol-setembre</subfield>
    <subfield code="l">0</subfield>
    <subfield code="o">69APB</subfield>
    <subfield code="p">LLEIDA1312613164</subfield>
    <subfield code="r">2013-01-21</subfield>
    <subfield code="w">2013-01-21</subfield>
    <subfield code="y">SER</subfield>
  </datafield>
  <datafield tag="952" ind1=" " ind2=" ">
    <subfield code="0">0</subfield>
    <subfield code="1">0</subfield>
    <subfield code="2">ddc</subfield>
    <subfield code="4">0</subfield>
    <subfield code="7">0</subfield>
    <subfield code="a">LLEIDA</subfield>
    <subfield code="b">LLEIDA</subfield>
    <subfield code="d">2013-01-21</subfield>
    <subfield code="h">Any 1988 Num. mar&#xE7;-juny</subfield>
    <subfield code="l">0</subfield>
    <subfield code="o">71APB</subfield>
    <subfield code="p">LLEIDA1312613165</subfield>
    <subfield code="r">2013-01-21</subfield>
    <subfield code="w">2013-01-21</subfield>
    <subfield code="y">SER</subfield>
  </datafield>
  <datafield tag="952" ind1=" " ind2=" ">
    <subfield code="0">0</subfield>
    <subfield code="1">0</subfield>
    <subfield code="2">ddc</subfield>
    <subfield code="4">0</subfield>
    <subfield code="7">0</subfield>
    <subfield code="a">LLEIDA</subfield>
    <subfield code="b">LLEIDA</subfield>
    <subfield code="d">2013-01-21</subfield>
    <subfield code="h">Any 1989 Num. juliol-desembre</subfield>
    <subfield code="l">0</subfield>
    <subfield code="o">72APB</subfield>
    <subfield code="p">LLEIDA1312613166</subfield>
    <subfield code="r">2013-01-21</subfield>
    <subfield code="w">2013-01-21</subfield>
    <subfield code="y">SER</subfield>
  </datafield>
  <datafield tag="952" ind1=" " ind2=" ">
    <subfield code="0">0</subfield>
    <subfield code="1">0</subfield>
    <subfield code="2">ddc</subfield>
    <subfield code="4">0</subfield>
    <subfield code="7">0</subfield>
    <subfield code="a">LLEIDA</subfield>
    <subfield code="b">LLEIDA</subfield>
    <subfield code="d">2013-01-21</subfield>
    <subfield code="h">Any 1990 Num. gener-juny</subfield>
    <subfield code="l">0</subfield>
    <subfield code="o">84APB</subfield>
    <subfield code="p">LLEIDA1312613167</subfield>
    <subfield code="r">2013-01-21</subfield>
    <subfield code="w">2013-01-21</subfield>
    <subfield code="y">SER</subfield>
  </datafield>
  <datafield tag="952" ind1=" " ind2=" ">
    <subfield code="0">0</subfield>
    <subfield code="1">0</subfield>
    <subfield code="2">ddc</subfield>
    <subfield code="4">0</subfield>
    <subfield code="7">0</subfield>
    <subfield code="a">LLEIDA</subfield>
    <subfield code="b">LLEIDA</subfield>
    <subfield code="d">2013-01-21</subfield>
    <subfield code="h">Any 1990 Num. juliol-desembre</subfield>
    <subfield code="l">0</subfield>
    <subfield code="o">85APB</subfield>
    <subfield code="p">LLEIDA1312613168</subfield>
    <subfield code="r">2013-01-21</subfield>
    <subfield code="w">2013-01-21</subfield>
    <subfield code="y">SER</subfield>
  </datafield>
  <datafield tag="952" ind1=" " ind2=" ">
    <subfield code="0">0</subfield>
    <subfield code="1">0</subfield>
    <subfield code="2">ddc</subfield>
    <subfield code="4">0</subfield>
    <subfield code="7">0</subfield>
    <subfield code="a">LLEIDA</subfield>
    <subfield code="b">LLEIDA</subfield>
    <subfield code="d">2013-01-21</subfield>
    <subfield code="h">Any 1991 Num. gener-juny</subfield>
    <subfield code="l">0</subfield>
    <subfield code="o">86APB</subfield>
    <subfield code="p">LLEIDA1312613169</subfield>
    <subfield code="r">2013-01-21</subfield>
    <subfield code="w">2013-01-21</subfield>
    <subfield code="y">SER</subfield>
  </datafield>
  <datafield tag="952" ind1=" " ind2=" ">
    <subfield code="0">0</subfield>
    <subfield code="1">0</subfield>
    <subfield code="2">ddc</subfield>
    <subfield code="4">0</subfield>
    <subfield code="7">0</subfield>
    <subfield code="a">LLEIDA</subfield>
    <subfield code="b">LLEIDA</subfield>
    <subfield code="d">2013-01-23</subfield>
    <subfield code="h">Any 1991 Num juliol-desembre</subfield>
    <subfield code="l">0</subfield>
    <subfield code="o">73APB</subfield>
    <subfield code="p">LLEIDA1312613170</subfield>
    <subfield code="r">2013-01-23</subfield>
    <subfield code="w">2013-01-23</subfield>
    <subfield code="y">SER</subfield>
  </datafield>
  <datafield tag="952" ind1=" " ind2=" ">
    <subfield code="0">0</subfield>
    <subfield code="1">0</subfield>
    <subfield code="2">ddc</subfield>
    <subfield code="4">0</subfield>
    <subfield code="7">0</subfield>
    <subfield code="a">LLEIDA</subfield>
    <subfield code="b">LLEIDA</subfield>
    <subfield code="d">2013-01-23</subfield>
    <subfield code="h">Any 1991 Num juliol-desembre</subfield>
    <subfield code="l">0</subfield>
    <subfield code="o">74APB</subfield>
    <subfield code="p">LLEIDA1312613171</subfield>
    <subfield code="r">2013-01-23</subfield>
    <subfield code="w">2013-01-23</subfield>
    <subfield code="y">SER</subfield>
  </datafield>
  <datafield tag="952" ind1=" " ind2=" ">
    <subfield code="0">0</subfield>
    <subfield code="1">0</subfield>
    <subfield code="2">ddc</subfield>
    <subfield code="4">0</subfield>
    <subfield code="7">0</subfield>
    <subfield code="a">LLEIDA</subfield>
    <subfield code="b">LLEIDA</subfield>
    <subfield code="d">2013-01-23</subfield>
    <subfield code="h">Any 1991 Num juliol-desembre</subfield>
    <subfield code="l">0</subfield>
    <subfield code="o">75APB</subfield>
    <subfield code="p">LLEIDA1312613172</subfield>
    <subfield code="r">2013-01-23</subfield>
    <subfield code="w">2013-01-23</subfield>
    <subfield code="y">SER</subfield>
  </datafield>
  <datafield tag="952" ind1=" " ind2=" ">
    <subfield code="0">0</subfield>
    <subfield code="1">0</subfield>
    <subfield code="2">ddc</subfield>
    <subfield code="4">0</subfield>
    <subfield code="7">0</subfield>
    <subfield code="a">LLEIDA</subfield>
    <subfield code="b">LLEIDA</subfield>
    <subfield code="d">2013-01-23</subfield>
    <subfield code="h">Any 1992 Num gener-juny</subfield>
    <subfield code="l">0</subfield>
    <subfield code="o">76APB</subfield>
    <subfield code="p">LLEIDA1312613173</subfield>
    <subfield code="r">2013-01-23</subfield>
    <subfield code="w">2013-01-23</subfield>
    <subfield code="y">SER</subfield>
  </datafield>
  <datafield tag="952" ind1=" " ind2=" ">
    <subfield code="0">0</subfield>
    <subfield code="1">0</subfield>
    <subfield code="2">ddc</subfield>
    <subfield code="4">0</subfield>
    <subfield code="7">0</subfield>
    <subfield code="a">LLEIDA</subfield>
    <subfield code="b">LLEIDA</subfield>
    <subfield code="d">2013-01-23</subfield>
    <subfield code="h">Any 1992 Num juliol-desembre</subfield>
    <subfield code="l">0</subfield>
    <subfield code="o">77APB</subfield>
    <subfield code="p">LLEIDA1312613174</subfield>
    <subfield code="r">2013-01-23</subfield>
    <subfield code="w">2013-01-23</subfield>
    <subfield code="y">SER</subfield>
  </datafield>
  <datafield tag="952" ind1=" " ind2=" ">
    <subfield code="0">0</subfield>
    <subfield code="1">0</subfield>
    <subfield code="2">ddc</subfield>
    <subfield code="4">0</subfield>
    <subfield code="7">0</subfield>
    <subfield code="a">LLEIDA</subfield>
    <subfield code="b">LLEIDA</subfield>
    <subfield code="d">2013-01-23</subfield>
    <subfield code="h">Any 1993 Num gener-juny</subfield>
    <subfield code="l">0</subfield>
    <subfield code="o">78APB</subfield>
    <subfield code="p">LLEIDA1312613175</subfield>
    <subfield code="r">2013-01-23</subfield>
    <subfield code="w">2013-01-23</subfield>
    <subfield code="y">SER</subfield>
  </datafield>
  <datafield tag="952" ind1=" " ind2=" ">
    <subfield code="0">0</subfield>
    <subfield code="1">0</subfield>
    <subfield code="2">ddc</subfield>
    <subfield code="4">0</subfield>
    <subfield code="7">0</subfield>
    <subfield code="a">LLEIDA</subfield>
    <subfield code="b">LLEIDA</subfield>
    <subfield code="d">2013-01-23</subfield>
    <subfield code="h">Any 1993 Num juliol-desembre</subfield>
    <subfield code="l">0</subfield>
    <subfield code="o">79APB</subfield>
    <subfield code="p">LLEIDA1312613176</subfield>
    <subfield code="r">2013-01-23</subfield>
    <subfield code="w">2013-01-23</subfield>
    <subfield code="y">SER</subfield>
  </datafield>
  <datafield tag="952" ind1=" " ind2=" ">
    <subfield code="0">0</subfield>
    <subfield code="1">0</subfield>
    <subfield code="2">ddc</subfield>
    <subfield code="4">0</subfield>
    <subfield code="7">0</subfield>
    <subfield code="a">LLEIDA</subfield>
    <subfield code="b">LLEIDA</subfield>
    <subfield code="d">2013-01-23</subfield>
    <subfield code="h">Any 1993 Num juliol-desembre</subfield>
    <subfield code="l">0</subfield>
    <subfield code="o">80APB</subfield>
    <subfield code="p">LLEIDA1312613177</subfield>
    <subfield code="r">2013-01-23</subfield>
    <subfield code="w">2013-01-23</subfield>
    <subfield code="y">SER</subfield>
  </datafield>
  <datafield tag="952" ind1=" " ind2=" ">
    <subfield code="0">0</subfield>
    <subfield code="1">0</subfield>
    <subfield code="2">ddc</subfield>
    <subfield code="4">0</subfield>
    <subfield code="7">0</subfield>
    <subfield code="a">LLEIDA</subfield>
    <subfield code="b">LLEIDA</subfield>
    <subfield code="d">2013-01-23</subfield>
    <subfield code="h">Any 1994 Num gener-juny</subfield>
    <subfield code="l">0</subfield>
    <subfield code="o">81APB</subfield>
    <subfield code="p">LLEIDA1312613178</subfield>
    <subfield code="r">2013-01-23</subfield>
    <subfield code="w">2013-01-23</subfield>
    <subfield code="y">SER</subfield>
  </datafield>
  <datafield tag="952" ind1=" " ind2=" ">
    <subfield code="0">0</subfield>
    <subfield code="1">0</subfield>
    <subfield code="2">ddc</subfield>
    <subfield code="4">0</subfield>
    <subfield code="7">0</subfield>
    <subfield code="a">LLEIDA</subfield>
    <subfield code="b">LLEIDA</subfield>
    <subfield code="d">2013-01-23</subfield>
    <subfield code="h">Any 1994 Num juliol-desembre</subfield>
    <subfield code="l">0</subfield>
    <subfield code="o">82APB</subfield>
    <subfield code="p">LLEIDA1312613179</subfield>
    <subfield code="r">2013-01-23</subfield>
    <subfield code="w">2013-01-23</subfield>
    <subfield code="y">SER</subfield>
  </datafield>
  <datafield tag="952" ind1=" " ind2=" ">
    <subfield code="0">0</subfield>
    <subfield code="1">0</subfield>
    <subfield code="2">ddc</subfield>
    <subfield code="4">0</subfield>
    <subfield code="7">0</subfield>
    <subfield code="a">LLEIDA</subfield>
    <subfield code="b">LLEIDA</subfield>
    <subfield code="d">2013-01-23</subfield>
    <subfield code="h">Any 1995 Num. gener-desembre</subfield>
    <subfield code="l">0</subfield>
    <subfield code="o">83APB</subfield>
    <subfield code="p">LLEIDA1312613180</subfield>
    <subfield code="r">2013-01-23</subfield>
    <subfield code="w">2013-01-23</subfield>
    <subfield code="y">SER</subfield>
  </datafield>
  <datafield tag="952" ind1=" " ind2=" ">
    <subfield code="0">0</subfield>
    <subfield code="1">0</subfield>
    <subfield code="4">0</subfield>
    <subfield code="7">0</subfield>
    <subfield code="a">CDMR</subfield>
    <subfield code="b">CDMR</subfield>
    <subfield code="d">2013-12-12</subfield>
    <subfield code="h">Any 1995 Num 26/27  (gener-desembre)</subfield>
    <subfield code="l">0</subfield>
    <subfield code="p">CDMR1312613556</subfield>
    <subfield code="r">2013-12-12</subfield>
    <subfield code="w">2013-12-12</subfield>
    <subfield code="y">SER</subfield>
  </datafield>
  <datafield tag="952" ind1=" " ind2=" ">
    <subfield code="0">0</subfield>
    <subfield code="1">0</subfield>
    <subfield code="4">0</subfield>
    <subfield code="7">0</subfield>
    <subfield code="a">CDMR</subfield>
    <subfield code="b">CDMR</subfield>
    <subfield code="d">2013-12-12</subfield>
    <subfield code="h">Any 1994 N&#xFA;m. 25 (juliol-desembre)</subfield>
    <subfield code="l">0</subfield>
    <subfield code="p">CDMR1312613577</subfield>
    <subfield code="r">2013-12-12</subfield>
    <subfield code="w">2013-12-12</subfield>
    <subfield code="y">SER</subfield>
  </datafield>
  <datafield tag="952" ind1=" " ind2=" ">
    <subfield code="0">0</subfield>
    <subfield code="1">0</subfield>
    <subfield code="4">0</subfield>
    <subfield code="7">0</subfield>
    <subfield code="a">CDMR</subfield>
    <subfield code="b">CDMR</subfield>
    <subfield code="d">2013-12-12</subfield>
    <subfield code="h">Any 1992-1994 (gener-juny)</subfield>
    <subfield code="l">0</subfield>
    <subfield code="p">CDMR1312613578</subfield>
    <subfield code="r">2013-12-12</subfield>
    <subfield code="w">2013-12-12</subfield>
    <subfield code="y">SER</subfield>
  </datafield>
  <datafield tag="952" ind1=" " ind2=" ">
    <subfield code="0">0</subfield>
    <subfield code="1">0</subfield>
    <subfield code="4">0</subfield>
    <subfield code="7">0</subfield>
    <subfield code="a">CDMR</subfield>
    <subfield code="b">CDMR</subfield>
    <subfield code="d">2013-12-12</subfield>
    <subfield code="h">Any 1987-1988 (gener-juny)</subfield>
    <subfield code="l">0</subfield>
    <subfield code="p">CDMR1312613589</subfield>
    <subfield code="r">2013-12-12</subfield>
    <subfield code="w">2013-12-12</subfield>
    <subfield code="y">SER</subfield>
  </datafield>
  <datafield tag="952" ind1=" " ind2=" ">
    <subfield code="0">0</subfield>
    <subfield code="1">0</subfield>
    <subfield code="4">0</subfield>
    <subfield code="7">0</subfield>
    <subfield code="a">CDMR</subfield>
    <subfield code="b">CDMR</subfield>
    <subfield code="d">2013-12-12</subfield>
    <subfield code="h">Any 1989-1991 (juliol-desembre)</subfield>
    <subfield code="l">0</subfield>
    <subfield code="p">CDMR1312613579</subfield>
    <subfield code="r">2013-12-12</subfield>
    <subfield code="w">2013-12-12</subfield>
    <subfield code="y">SER</subfield>
  </datafield>
  <datafield tag="952" ind1=" " ind2=" ">
    <subfield code="0">0</subfield>
    <subfield code="1">0</subfield>
    <subfield code="4">0</subfield>
    <subfield code="7">0</subfield>
    <subfield code="a">CDMR</subfield>
    <subfield code="b">CDMR</subfield>
    <subfield code="d">2013-12-12</subfield>
    <subfield code="h">Any 1984-1986 (abril-desembre)</subfield>
    <subfield code="l">0</subfield>
    <subfield code="p">CDMR1312613590</subfield>
    <subfield code="r">2013-12-12</subfield>
    <subfield code="w">2013-12-12</subfield>
    <subfield code="y">SER</subfield>
  </datafield>
</record>
